Monster Trucks #2 - Statistics

General Stats
  • This quiz has been taken 15 times
  • The average score is 10 of 16
Answer Stats
Picture Answer % Correct
Captains Curse
82%
Earthshaker
82%
Backwards Bob
73%
Blue Thunder
73%
Soldier Fortune
73%
Bad Company
64%
Black Stallion
64%
Bounty Hunter
64%
Bulldozer
64%
Madusa
64%
Wild Side
64%
Axe
55%
Overkill Evolution
55%
Team Meents
55%
Wild Flower
55%
Metal Mulisha
45%
No matching quizzes found
Score Distribution
Percent of People with Each Score
Percentile by Number Answered
Your Score History
You have not taken this quiz